|
|
|
|
| LEADER |
00000nab a2200000 a 4500 |
| 001 |
vtls000800744 |
| 003 |
SK-MaSNL |
| 005 |
20260303210258.0 |
| 008 |
140423c2002 xo 0 slo |
| 015 |
|
|
|a SNBRB2002/07-23070
|
| 035 |
|
|
|a CLN000152399
|
| 040 |
|
|
|a SNKBUCL
|b slo
|c SNKBUCL
|e AACR2
|
| 041 |
0 |
|
|a slo
|
| 044 |
|
|
|a xo
|c SK
|
| 080 |
|
|
|a 884-84
|2 1997
|
| 100 |
1 |
|
|a Jastrun, Mieczysław,
|d 1903-1983
|4 aut
|9 207738
|
| 245 |
1 |
0 |
|a Z myšlienok
|c Mieczysław Jastrun ; z poľštiny preložil Jozef Gerbóc
|
| 650 |
0 |
7 |
|a aforizmy, poľské
|2 snkbucl
|9 22549
|
| 655 |
|
7 |
|a články z novín a časopisov
|2 snkbucl
|9 267496
|
| 700 |
1 |
|
|a Gerbóc, Jozef,
|d 1942-2000
|4 trl
|9 13284
|
| 773 |
0 |
|
|t Literárny týždenník
|g Roč. 15, č. 25 (2002), s. 12
|x 0862-5999
|
| 850 |
|
|
|a Slovenská národná knižnica v Martine
|
| 852 |
|
|
|a SNK
|b KIS3GCP
|
| 958 |
|
|
|a LX
|
| 958 |
|
|
|a PL
|
| 992 |
|
|
|a RBX
|
| 999 |
|
|
|c 2199554
|d 2201484
|